| 000 | 00713nam a2200229 a 4500 | ||
|---|---|---|---|
| 005 | 20260327064210.0 | ||
| 008 | 020117s1995 r 000 0 eng d | ||
| 020 | _a9686062246 | ||
| 035 | _aUPN01000114641 | ||
| 049 | _aCG | ||
| 050 | 4 |
_aT65 _bW5.28 |
|
| 100 | 1 | _aWilber, Gordon O. | |
| 245 | 1 | 0 |
_aArtes industriales en la educación / _cGordon O. Wilber, Norman C. Pendered ; tr. Guillermo Hernández. |
| 260 |
_aMéxico : _bAlfaomega, _c1995. |
||
| 300 | _a447 p. | ||
| 534 | _tIndustrial arts in general education. | ||
| 650 | 4 |
_aArtes industriales _xEstudio y enseñanza _92762 |
|
| 650 | 4 |
_aEnseñanza técnica _99074 |
|
| 700 | 1 |
_aPendered, Norman C., _ecoaut. |
|
| 902 | _aMCM/cps | ||
| 905 | _aLibro | ||
| 999 |
_c88542 _d88542 |
||